| 000 | 00945nam a2200265 i 4500 | ||
|---|---|---|---|
| 001 | 150148 | ||
| 003 | ES-MaACL | ||
| 005 | 20260525062935.0 | ||
| 007 | t| | ||
| 008 | 071026s1961 sp ||||1| spa d | ||
| 080 | _a821.134.2-23"19" | ||
| 100 | 1 |
_aValle-Inclán, Ramón del, _d1866-1936 _9112796 |
|
| 245 | 1 | 0 |
_aTablado de marionetas para educación de príncipes / _cRamón del Valle-Inclán. |
| 250 | _a1ª ed. | ||
| 260 |
_aMadrid : _bEspasa Calpe, _c1961. |
||
| 300 |
_a239 p. ; _c19 cm. |
||
| 490 | 1 |
_aColección austral ; _v1315 |
|
| 505 | 0 | _aFarsa italiana de la enamorada del rey ; Farsa infantil de la cabeza del dragón ; Farsa y licencia de la reina castiza | |
| 740 | 0 | 2 | _aFarsa italiana de la enamorada del rey. |
| 740 | 0 | 2 | _aFarsa infantil de la cabeza del dragón. |
| 740 | 0 | 2 | _aFarsa y licencia de la reina castiza. |
| 830 | 1 |
_aColección austral _v1315 _9177655 |
|
| 852 |
_aES-MaACL _jC-20843 |
||
| 999 |
_c150148 _d150148 |
||